000 00904nam a2200265Ia 4500
003 OSt
005 20221005111059.0
006 a|||||r|||| 00| 0
007 ta
008 221004b |||||||| |||| 00| 0 hin d
020 _a9788183615808 (hbk)
_c500
024 _a15817
037 _bBR6169, 24/12/2014, Rajkamal Prakashan Pvt. Ltd.
_cTextual
040 _aCRL
_cCRL
_bhin
041 _2hin
_ahin
082 _aO152,1N626x, Q3
100 _aसविता सिंह
245 0 _aस्वप्न समय
246 _aSvapna samaya
260 _aनई दिल्ली
_bराधाकृष्ण भारत
_c2013
300 _a126पृ0
_ccm.
650 _aहिन्दी साहित्य
942 _hO152,1N626x, Q3
_cTEXL
_2cc
999 _c1020748
_d1020748